000 00852nam a22002297a 4500
005 20090903142957.0
008 090903t xxu||||| |||| 00| 0 eng d
010 _aB-328881
020 _c360.00
035 _aB-328881
037 _bUBH
082 _a647.94
100 _aRaghubalan,G
245 _aHotel house keeping:
_boperation and management /
_cby G. Raghubalan and smriti Raghubalan
260 _aNew Delhi
_bOxford University Press
_c2008
270 _aNew Delhi
300 _a744p.
_c24cm (pbk))
700 _aRaghubalan, Smriti
942 _2ddc
_cEN
_mRAG
_h647.94
999 _c29955
_d29955